Normal view
MARC view
- Systems programming and programs 
Entry Topical Term
001 - CONTROL NUMBER
- control field: 26230
003 - CONTROL NUMBER IDENTIFIER
- control field: IN-BhIIT
005 - DATE AND TIME OF LATEST TRANSACTION
- control field: 20250806162221.0
008 - FIXED-LENGTH DATA ELEMENTS
- fixed length control field: 250806|| aca||aabn | a|a d
040 ## - CATALOGING SOURCE
- Original cataloging agency: IN-BhIIT
- Transcribing agency: IN-BhIIT
150 ## - HEADING--TOPICAL TERM
- Topical term or geographic name entry element: Systems programming and programs 
670 ## - SOURCE DATA FOUND
- Source citation: Work cat.: (IN-BhIIT)14591: Xiao-Feng Li Author 25094, Advanced design and implementation of virtual machines /, 2016